Welcome to the Holygrace Academy Library

Please use search bar below to get started

THE SMART GIRLS GUIDE LIFE (Record no. 7618)

MARC details
000 -LEADER
fixed length control field 00283nam a22001217a 4500
082 ## - DEWEY DECIMAL CLASSIFICATION NUMBER
Classification number 823
Item number MOR/S
100 ## - MAIN ENTRY--AUTHOR NAME
Personal name MORGAN, SALLY
245 ## - TITLE STATEMENT
Title THE SMART GIRLS GUIDE LIFE
260 ## - PUBLICATION, DISTRIBUTION, ETC. (IMPRINT)
Place of publication NEW YORK
Name of publisher SCHOLASTIC INC
Year of publication 2014
300 ## - PHYSICAL DESCRIPTION
Number of Pages 95
650 ## - SUBJECT ADDED ENTRY--TOPICAL TERM
Topical Term ENGLISH STORY
Geographic subdivision UNITED STATES
942 ## - ADDED ENTRY ELEMENTS (KOHA)
Koha item type Books
Holdings
Withdrawn status Lost status Collection code Home library Current library Date acquired Source of acquisition Full call number Accession Number Koha item type
Withdrawn Damaged Item Fiction Main Library Main Library 31/07/2015 purchase 823 MOR/S 00896 Books